| 000 | 00518cam a2200205 4500 | ||
|---|---|---|---|
| 001 | D9737 | ||
| 008 | 090401t1982 xxu||||| |||| 00| 0 eng d | ||
| 035 | _a(Sirsi) u21963 | ||
| 041 | _aeng | ||
| 050 | _a693.971 | ||
| 100 | _aWebb, G. | ||
| 245 | _aSealants in remedial work | ||
| 260 |
_aAscot, Berks _bThe Chartered Institute of Building _c1982 |
||
| 300 | _a6p. 30cm | ||
| 350 | _a0 | ||
| 490 |
_aTechnical Information Service _pMaintenance _v13 |
||
| 700 | _aPalmer, J. | ||
| 942 | _n0 | ||
| 948 | _c04/03/1997 | ||
| 999 |
_c88098 _d88098 |
||